| 000 | 00586nam a2200193Ia 4500 | ||
|---|---|---|---|
| 005 | 20250508151858.0 | ||
| 008 | 008 250505s9999 xx 000 0 eng d | ||
| 037 | _aTextual | ||
| 040 |
_aFEDL _beng _cFEDL |
||
| 041 |
_aeng _2eng |
||
| 084 |
_a371.302, KLA _qFEDL |
||
| 100 | _aKlausmeier Herbert J | ||
| 245 | 0 | _aInstructor's manual to accompany teaching in the elementary school | |
| 260 |
_aNew York, USA _bHarper and Brothers Publisher |
||
| 300 | _a36p. | ||
| 700 |
_a Wittich Walter A _9760253 |
||
| 942 |
_cTEXL _h371.302, KLA |
||
| 999 |
_c1332654 _d1332654 |
||